Aplicaciones pedagógicas en los sectores curriculares del aula de multigrado: acompañamiento pedagógico, año 2
Sparad:
| Institutionella upphovsmän: | , |
|---|---|
| Materialtyp: | Bok |
| Språk: | spanska |
| Publicerad: |
Viña del Mar
Pontificia Universidad Católica de Valparaíso
2003
|
| Ämnen: | |
| Taggar: |
Lägg till en tagg
Inga taggar, Lägg till första taggen!
|
MARC
| LEADER | 00000nam a2200000 a 4500 | ||
|---|---|---|---|
| 001 | UCK6240 | ||
| 003 | CL-VaPUC | ||
| 008 | 050909e20030000CL |||||||||||||||||spa|d | ||
| 082 | 0 | 4 | |a 371.334 |b MIN |2 21 |
| 110 | 2 | |a Ministerio de Educación |e author |9 495296 | |
| 710 | 2 | |a Red Enlaces |e author |9 495297 | |
| 245 | 1 | 0 | |a Aplicaciones pedagógicas en los sectores curriculares del aula de multigrado: acompañamiento pedagógico, año 2 |
| 300 | |a 214 p | ||
| 942 | |c BK | ||
| 945 | |d 20050909 00:00:00 |a jcarroza | ||
| 260 | |a Viña del Mar |b Pontificia Universidad Católica de Valparaíso |c 2003 | ||
| 650 | 0 | |a Educación básica |9 224933 | |
| 650 | 0 | |a Métodos de enseñanza |9 270413 | |
| 650 | 0 | |a Recursos educacionales |9 283370 | |
| 650 | 0 | |a Software |9 387312 | |
| 651 | 7 | |a CHILE |2 CL-VaPUC |9 495298 | |
| 583 | |a last modification |c 20050909 00:00:00 |k Rodrigo Vera | ||
| 999 | |c 314540 |d 314538 | ||
| 952 | |0 0 |1 0 |4 0 |6 371_334000000000000_MIN_2003 |7 0 |8 A |9 386919 |a BIBHIS |b BIBHIS |d 2019-11-22 |i 4159438 |o 371.334 MIN 2003 |p 4159438 |r 2025-01-20 |w 2019-11-22 |y BK |k HIS | ||